| 000 | 01016nam a2200205Ia 4500 | ||
|---|---|---|---|
| 999 |
_c37980 _d37980 |
||
| 001 | 3963 | ||
| 003 | GE_BSU | ||
| 005 | 20190823165912.0 | ||
| 008 | 181216s1985||||ge |||||||||||||| ||geo|| | ||
| 040 | _cGE_BSU | ||
| 041 | _ageo | ||
| 080 | _a34(479.22)(094.4) ს–32 | ||
| 245 |
_aსაქართველოს სსრ კანონთა წიგნი / _bტ. 1. _cსაქ. სსრ უმაღლ. საბჭოს პრეზიდიუმი, საქ. სსრ მინისტრთა საბჭო. |
||
| 264 |
_aთბ. : _bსაბჭ. საქართველო, _c1985. |
||
| 300 |
_a531 გვ.; _b27 სმ. |
||
| 501 | _aსაძიებლები: გვ. 509-525. | ||
| 653 | _aსაქართველოს კანონთა კრებულები | ||
| 710 |
_aსაქ. სსრ უმაღლ. საბჭოს პრეზიდიუმი, საქ. სსრ მინისტრთა საბჭო. _93772 |
||
| 942 |
_cBK _2udc |
||